Marine Environmental Pollution, 2 Dumping and Mining (Record no. 10787)

000 -LEADER
fixed length control field 00394nam a2200145Ia 4500
008 - FIXED-LENGTH DATA ELEMENTS--GENERAL INFORMATION
fixed length control field 200103s9999||||xx |||||||||||||| ||und||
020 ## - INTERNATIONAL STANDARD BOOK NUMBER
International Standard Book Number 0444418555,
082 ## - DEWEY DECIMAL CLASSIFICATION NUMBER
Classification number Column-58
100 ## - MAIN ENTRY--PERSONAL NAME
Personal name Geyer, Richard A.
245 #0 - TITLE STATEMENT
Title Marine Environmental Pollution, 2 Dumping and Mining
260 ## - PUBLICATION, DISTRIBUTION, ETC. (IMPRINT)
Name of publisher, distributor, etc Elsevier Scientific Publishing Company
Date of publication, distribution, etc 1981
300 ## - PHYSICAL DESCRIPTION
Extent xxi, 574
942 ## - ADDED ENTRY ELEMENTS (KOHA)
Item type Books
Holdings
Withdrawn status Lost status Source of classification or shelving scheme Damaged status Not for loan Collection code Permanent location Current location Shelving location Date acquired Total Checkouts Full call number Barcode Date last seen Date last borrowed Koha item type
          Non-fiction IMU-MPC Library IMU-MPC Library General Stacks 2020-01-08 1 Column-58 MPC4858 2024-10-21 2024-09-25 Books
Copyright © 2021 Indian Maritime University, Mumbai Port Campus. All Rights Reserved. Managed & Maintained by Central Library, IMU-Mumbai

webs counters

Powered by Koha